ბათუმის შოთა რუსთაველის სახელმწიფო უნივერსიტეტის ბიბლიოთეკა

Справочные таблицы по деталям машин. Часть I. (ბიბ.ჩანაწერი № 50664)

000 -LEADER
fixed length control field 00618nam a2200193Ia 4500
001 - CONTROL NUMBER
control field 17615
003 - CONTROL NUMBER IDENTIFIER
control field GE_BSU
008 - FIXED-LENGTH DATA ELEMENTS--GENERAL INFORMATION
fixed length control field 181216s||||||||xx |||||||||||||| ||und||
040 ## - CATALOGING SOURCE
Transcribing agency GE_BSU
080 ## - UNIVERSAL DECIMAL CLASSIFICATION NUMBER
Universal Decimal Classification number 621.88(035)
100 ## - MAIN ENTRY--PERSONAL NAME
Personal name Васильев,В.З. Георгиевский,Н.Н. Дубяго,А.Д. и др.
245 ## - TITLE STATEMENT
Title Справочные таблицы по деталям машин. Часть I.
260 ## - PUBLICATION, DISTRIBUTION, ETC.
Place of publication, distribution, etc. М.
260 ## - PUBLICATION, DISTRIBUTION, ETC.
Name of publisher, distributor, etc. Машгиз.
260 ## - PUBLICATION, DISTRIBUTION, ETC.
Date of publication, distribution, etc. 1955.
300 ## - PHYSICAL DESCRIPTION
Extent 375 стр. с илл. 22 см.
653 ## - INDEX TERM--UNCONTROLLED
Uncontrolled term Справочные таблицы по деталям машин.
942 ## - ADDED ENTRY ELEMENTS (KOHA)
Koha item type წიგნი
ეგზემპლარები
Withdrawn status Lost status Damaged status Not for loan Date acquired Barcode Date last seen Price effective from Koha item type
        2018-12-17 10365 2018-12-17 2018-12-17 წიგნი